header

Adapting configuration management for Agile teams (Record no. 106214)

MARC details
000 -LEADER
fixed length control field 01341nam a2200325Ia 4500
100 1# - MAIN ENTRY--AUTHOR NAME
Personal name Moreira, Mario E.
245 10 - TITLE STATEMENT
Title Adapting configuration management for Agile teams
260 ## - PUBLICATION, DISTRIBUTION, ETC. (IMPRINT)
Place of publication West Sussex :
Name of publisher Wiley,
Year of publication 2010.
300 ## - PHYSICAL DESCRIPTION
Number of Pages xxiv, 277 p. :
Other physical details ill.
500 ## - GENERAL NOTE
General note "Satisfying customers through responsiveness & quality".
650 #0 - SUBJECT ADDED ENTRY--TOPICAL TERM
Topical Term Software engineering.
Topical Term Agile software development
Topical Term Computer software
Topical Term Configuration management.
856 40 - ELECTRONIC LOCATION AND ACCESS
Uniform Resource Identifier http://site.ebrary.com/lib/rucke/Doc?id=10361318

No items available.

© 2026 Rongo University
Contact us: librarian | system librarian | Rongo university